000 01311nam a2200349 4500
003 EG-GICUC
005 20260121101416.0
008 251202s1994 ua ||||fr|||| 00| 0 ara d
017 _a94/8033
020 _aI.S.B.N 977-51/5-56-6
040 _a EG-GICUC
_bara
_c EG-GICUC
_d EG-GICUC
_erda
041 0 _aara
082 0 4 _221
_a343.644
_bس ه , ن
092 0 4 _221
099 _aLaw1 10 343.644 س ه , ن 1994
100 0 _aسهير لطفي
_eمؤلف.
245 1 0 _a /ندوة الجرائم الاقتصادية المستحدثة
_b .20-21 إبريل 1993
_c .الدكتورة سهير لطفي
_p1
264 1 _aالقاهرة :
_bالمركز القومي للبحوث الاجتماعية والجنائية ,
_c1994 .
300 _a صفحة 474 ؛
_c .24 سم
336 _2rda content
_atext
337 _2rda media
_aComputer
338 _2rda carrier
_aOnline Resource
504 _a. 240-220 ببليوجرافيا: صفحات.
546 _aالنص باللغة العربية
650 1 _aالبيئة الإقتصادية والجريمة
_2qrmak
650 1 _aالجرائم الإقتصادية
650 1 4 _aالقانون الجنائي
651 1 _2qrmak
856 4 0 _uhttps://fll.law.cu.edu.eg/fulltext/bks/B10-06120.pdf
905 _a70
942 _2ddc
_n0
_cBK
_e21
999 _c47910
_d47910